000 00670nam a2200241Ia 4500
005 20260430150708.0
008 008 250103s9999 xx 000 0 eng d
037 _aTheses
040 _aCRL
040 _beng
040 _ceng
041 _2eng
041 _aeng
084 _qCRL
100 _aJaved Au.; Deka Sasanka Gu.
_91238240
245 0 _aExploration and Development of Advanced Nanomaterials and their Electrochemical Charge Storage Characteristics
260 _c2024
300 _a175p.
650 _aChemistry
700 _aUniversity of Delhi. Faculty of Science. Deptt. of Chemistry
_91236464
942 _cTH
999 _c1850411
_d1850411